[Event "Barcelona Rubi op-B 5th"]
[Site "Barcelona"]
[Date "2004.04.??"]
[Round "1"]
[White "Castells Cusi, Lucas"]
[Black "Niubo Calvo, Juan"]
[Result "0-1"]
[WhiteElo "1700"]
[BlackElo "1830"]
[PlyCount "100"]
[EventDate "2004.04.25"]
[EventType "swiss"]
[EventRounds "7"]
[EventCountry "ESP"]
[SourceTitle "EXT 2007"]
[Source "ChessBase"]
[SourceDate "2006.11.23"]
[SourceVersion "1"]
[SourceVersionDate "2006.11.23"]
[SourceQuality "1"]

1. e4 c5 2. Nf3 d6 3. d4 cxd4 4. Nxd4 Nf6 5. Nc3 g6 6. Bc4 Bg7 7. Bg5 Nc6 8. Bb5 Bd7 9. 0-0 0-0 10. Qd2 Rc8 11. Rad1 a6 12. Nxc6 Bxc6 13. Bxc6 Rxc6 14. Bh6 Rc5 15. Rfe1 Qc7 16. Bxg7 Kxg7 17. Re3 b5 18. a3 h5 19. b4 Rc4 20. Rc1 Rc8 21. g3 Rxc3 22. Rxc3 Qxc3 23. Qxc3 Rxc3 24. h3 Rxa3 25. Re1 Rc3 26. Re2 Rc4 27. c3 Rxc3 28. Re3 Rxe3 29. fxe3 Nxe4 30. Kg2 Kf6 31. Kf3 Ke5 32. g4 hxg4+ 33. hxg4 Nc3 34. Kf2 Nd5 35. Kf3 Nxb4 36. Ke2 Ke4 37. Kd2 Nd5 38. Kc2 Nxe3+ 39. Kb2 Nxg4 40. Ka2 f5 41. Kb3 f4 42. Kb4 f3 43. Ka5 f2 44. Kxa6 f1Q 45. Ka7 Qc4 46. Kb8 b4 47. Kb7 b3 48. Kb8 b2 49. Kb7 b1R+ 50. Ka7 Qa4# 0-1